000 01924nam a2200301 a 4500
001 50133
003 BD-RjUL
005 20240129153026.0
008 161213s1790 enk o o00 0deng d
035 _a(BD-RjUL)50253
035 _a(OCoLC)682395143
040 _aOCLCE
_beng
_cOCLCE
041 _aeng
082 _223
_a820.8006
_bSTW 1790
100 1 _aSterne, Laurence,
_d1713-1768.
_9172322
245 1 4 _aThe works of Laurence Sterne :
_bcomplete in eight volumes : Containing, I. Tristram Shandy, and The Political Romance. II. Sentimental journey, with the continuation. III. The Koran .... IV. Letters... V. Sermons. With an account of the life and writings of the author /
_cLaurence Sterne
260 _aLondon :
_bPrinted for the proprietors,
_c1790.
300 _a v. :
_bIll. (coat of arms, facsims., plates) ;
_c18 cm.
500 _a"complete in eight volumes "
500 _aIncludes an account of the life and writings of the author.
505 0 _av. 1-3. The life and opinions of Tristram Shandy, gentleman.The works of Laurence Sterne : complete in eight volumes : Containing, I. Tristram Shandy, and The Political Romance. II. Sentimental journey, with the continuation. III. The Koran .... IV. Letters... V. Sermons. With an account of the life and writings of the author / Laurence Sterne --v. 3. A political romance, addressed to --- ----, esq., of York.--v. 4. A sentimental journey through France and Italy.--v. 5. The Koran.--v. 6. Letters of the late Laurence Sterne to his most intimate friends, with a fragment in the manner of Rabelais.--v. 7-8. Sermons.
600 _aSterne, Laurence,
_d1713-1768.
_xBiography
_911220
650 _aEnglish Literature
_xCollected Works
_9172321
_y1745-1799
776 1 _cOriginal
_w(OCoLC)6928485
856 4 0 _3HathiTrust Digital Library
_uhttp://catalog.hathitrust.org/api/volumes/oclc/6928485.html
942 _2ddc
_cRAR
999 _c50133
_d50133